La ciencia económica y la reforma social / (Record no. 78014)

MARC details
000 -LEADER
campo de control de longitud fija 00814nam a2200265 i 4500
001 - NÚMERO DE CONTROL
campo de control 78014
003 - IDENTIFICADOR DE NÚMERO DE CONTROL
campo de control ES-MaACL
005 - FECHA Y HORA DE LA ÚLTIMA TRANSACCIÓN
campo de control 20250814230837.0
007 - CAMPO FIJO DE DESCRIPCIÓN FÍSICA--INFORMACIÓN GENERAL
campo de control de longitud fija t|
008 - DATOS DE LONGITUD FIJA--INFORMACIÓN GENERAL
campo de control de longitud fija 041008s1964 sp ||||1| spa d
080 ## - NÚMERO DE LA CLASIFICACIÓN DECIMAL UNIVERSAL
Número de la Clasificación Decimal Universal 330.1(091)
080 ## - NÚMERO DE LA CLASIFICACIÓN DECIMAL UNIVERSAL
Número de la Clasificación Decimal Universal 33:304
100 1# - ENTRADA PRINCIPAL--NOMBRE DE PERSONA
Nombre de persona Harris, Abram L.
9 (RLIN) 61901
245 13 - MENCIÓN DEL TÍTULO
Título La ciencia económica y la reforma social /
Mención de responsabilidad, etc. Abram L. Harris ; [traducción de Eduardo Gallardo Ruiz].
260 ## - PUBLICACIÓN, DISTRIBUCIÓN, ETC.
Lugar de publicación, distribución, etc. Madrid :
Nombre del editor, distribuidor, etc. Tecnos,
Fecha de publicación, distribución, etc. 1964.
300 ## - DESCRIPCIÓN FÍSICA
Extensión 388 p. ;
Dimensiones 24 cm.
490 1# - MENCIÓN DE SERIE
Mención de serie Ciencias sociales ;
Designación de volumen o secuencia 33
650 #4 - PUNTO DE ACCESO ADICIONAL DE MATERIA--TÉRMINO DE MATERIA
Término de materia o nombre geográfico como elemento de entrada Economía-
Subdivisión de forma Historia.
9 (RLIN) 12012
650 #4 - PUNTO DE ACCESO ADICIONAL DE MATERIA--TÉRMINO DE MATERIA
Término de materia o nombre geográfico como elemento de entrada Economía y sociología.
9 (RLIN) 144383
700 1# - ENTRADA AGREGADA--NOMBRE PERSONAL
Nombre de persona Gallardo Ruiz, Eduardo.
9 (RLIN) 53499
830 10 - PUNTO DE ACCESO ADICIONAL DE SERIE-TÍTULO UNIFORME
Título uniforme Ciencias sociales
Designación de volumen o secuencia 33
9 (RLIN) 177859
852 4# - LOCALIZACIÓN
Ubicación ES-MaACL
Número de control de estantería C-27332
852 4# - LOCALIZACIÓN
Ubicación ES-MaACL
Número de control de estantería L-1602
Holdings
Estatus retirado Estado de pérdida Estado de daño No para préstamo Biblioteca de origen Biblioteca actual Ubicación en estantería Fecha de adquisición Fuente de adquisición Total de préstamos Signatura topográfica completa Código de barras Visto por última vez Precio de reemplazo Tipo de ítem Koha
        Biblioteca del Ateneo de Madrid Biblioteca del Ateneo de Madrid Depósito 2 17/01/2008     L-1602 1081613 23/02/2023 23/02/2023 Libro impreso
        Biblioteca del Ateneo de Madrid Biblioteca del Ateneo de Madrid Depósito 2 17/01/2008     C-27332 1081612 23/02/2023 23/02/2023 Libro impreso